Drevené kostoly východného rítu na Slovensku

Gespeichert in:
Bibliographische Detailangaben
Hauptverfasser: Kovačovičová-Puškárová, Blanka (Verfasst von), Puškár, Imrich (Verfasst von)
Format: Buch
Sprache:Russisch
Veröffentlicht: Svidník : Ministerstvo kultúry SR, 1971
Schlagworte:
Tags: Tag hinzufügen
Keine Tags, Fügen Sie das erste Tag hinzu!

MARC

LEADER 00000nam a22000003a 4500
001 stu49900
005 20150617225708.4
008 990607s1971------------------------rus-d
040 |a STU  |b slo 
041 0 |a rus 
100 1 |a Kovačovičová-Puškárová, Blanka  |4 aut 
245 1 |a Drevené kostoly východného rítu na Slovensku 
260 |a Svidník :  |b Ministerstvo kultúry SR,  |c 1971 
300 |a 519 s 
650 7 |a architektúra sakrálna  |2 stusub 
700 1 |a Puškár, Imrich  |4 aut 
996 |b 284AU03129  |c A*3014 U  |l AAKNAR  |s A  |a 24  |w stu49900_0001